000 00593nam a2200241Ia 4500
003 OSt
005 20221005123122.0
006 a|||||r|||| 00| 0
007 ta
008 221004b |||||||| |||| 00| 0 kan d
024 _a59715
037 _cTextual
040 _aCRL
_cCRL
_bkan
041 _2kan
_akan
082 _aO33,1NHO,1, J9
100 _aHoyisala Au.
_9633157
245 0 _aKolu kudura
260 _c1959
650 _a KANNAD POETRY
650 _aKANNAD LITERATURE
942 _hO33,1NHO,1, J9
_cTEXL
_2cc
999 _c1046420
_d1046420